000 00788nam a22002777a 4500
001 BR9704791
003 BR-BrBNA
005 20230928095741.0
007 ta
008 230509b bl.||||| |||| 00| 0 por d
040 _aBR-BrBNA
_bpor
_cBiblioteca Nacional de Agricultura
041 _a(Por)
072 _aE14
090 _ E14 BR9704791
110 1 _aSecretaria de Agricultura e Abastecimento do Estado de Goias, Goiania (Brasil)
_98615
245 1 _aProgramas para o setor agropecuario 1991-1994
260 3 _aGoiania, GO (Brasil):
_c1991.
300 _a248 p.
650 _aProjeto de Desenvolvimento
650 _aProjeto Agricola
650 _aProjeto Pecuario
650 _aSetor Agricola
650 _aGoias
909 _a202309
_bLucia
_c55
_dLucia Elande
942 _cBK
999 _c58449
_d58449